[Event "Challenge"]
[Site "http://www.queenalice.com/game.php?id=1155345"]
[Date "2013.2.24"]
[Round "-"]
[White "TexugoSam"]
[Black "MacumbaH"]
[Result "0-1"]
[WhiteElo "1903"]
[BlackElo "1675"]

1. d4 d5 2. c4 e6 3. Nc3 Nf6 4. Nf3 b6 5. cxd5 Nxd5 6. e4 Nxc3 7. bxc3 Bb7 8.
Bd3 Nc6 9. O-O Qd6 10. Qb3 O-O-O 11. a4 Na5 12. Qb5 c6 13. Qe5 f6 14. Qxd6 Bxd6
15. Re1 Nb3 16. Rb1 Nxc1 17. Rbxc1 a5 18. Rb1 Kc7 19. Nd2 c5 20. Rec1 Bf4 21.
Rb2 Rd6 22. g3 Bxd2 23. Rxd2 cxd4 24. cxd4+ Kb8 25. Bb1 Rhd8 26. Rc4 Ba6 27. Rc3
Rxd4 28. Rxd4 Rxd4 29. Kg2 Bb7 0-1

[Event "Challenge"]
[Site "http://www.queenalice.com/game.php?id=1162380"]
[Date "2013.3.18"]
[Round "-"]
[White "TexugoSam"]
[Black "jorm"]
[Result "1-0"]
[WhiteElo "1878"]
[BlackElo "1941"]

1. d4 d5 2. c4 dxc4 3. Nc3 c6 4. a4 e6 5. e3 Bd7 6. Bxc4 Bb4 7. Bd2 Nf6 8. Nge2
h6 9. Qc2 O-O 10. O-O a6 11. Qb3 Qe7 12. Ne4 a5 13. Nxf6+ gxf6 14. Bc3 b5 15.
axb5 Bxc3 16. Nxc3 cxb5 17. Bxb5 Nc6 18. Ne4 Rfb8 19. Qa4 f5 20. Nc5 Rc8 21.
Nxd7 Qxd7 22. Rfc1 Qd6 23. Bxc6 Ra7 24. Bf3 Rb8 25. Rc6 Qd8 26. b3 Rb4 27. Qa2
f4 28. Qc2 Qf6 29. Rc8+ Kg7 30. Rc5 fxe3 31. fxe3 Rxd4 32. Raxa5 Rdd7 33. Rxa7
Rxa7 34. Qc3 Ra1+ 35. Kf2 1-0

[Event "Challenge"]
[Site "http://www.queenalice.com/game.php?id=1208385"]
[Date "2013.8.15"]
[Round "-"]
[White "donay_attack"]
[Black "TexugoSam"]
[Result "0-1"]
[WhiteElo "2116"]
[BlackElo "1887"]

1. d4 d5 2. c4 e6 3. Nf3 Nf6 4. Bg5 Nbd7 5. Nc3 Bb4 6. e3 O-O 7. Rc1 c6 8. Nd2
Qa5 9. Qc2 Bxc3 10. bxc3 b6 11. Bd3 dxc4 12. Nxc4 Qxg5 13. f4 Qh4+ 14. g3 Qh3
15. Bf1 Qh6 16. Bg2 Nd5 17. e4 N5f6 18. O-O Ba6 19. Qa4 Ng4 20. h3 Bb5 21. Qb3
Bxc4 22. Qxc4 Ne3 23. Qxc6 Nxf1 24. Kxf1 Nf6 25. d5 exd5 26. exd5 Rac8 27. Qb7
Nh5 28. Kf2 Nxf4 29. Rf1 Nxg2 30. Kxg2 Qd2+ 31. Rf2 Qxc3 32. Qxa7 Qc5 33. Rd2
Ra8 34. Qd7 Rfd8 35. Qf5 g6 36. Qe5 Re8 37. Qf4 Rxa2 0-1

[Event "Challenge"]
[Site "http://www.queenalice.com/game.php?id=1214523"]
[Date "2013.9.5"]
[Round "-"]
[White "robsoncxi"]
[Black "TexugoSam"]
[Result "1-0"]
[WhiteElo "2040"]
[BlackElo "1897"]

1. e4 e6 2. d4 d5 3. Nc3 Bb4 4. e5 c5 5. a3 cxd4 6. axb4 dxc3 7. Qg4 cxb2 8.
Bxb2 Qb6 9. b5 g6 10. Bd4 Qc7 11. b6 Qxc2 12. Rxa7 Qc1+ 13. Qd1 1-0

[Event "revanche"]
[Site "http://www.queenalice.com/game.php?id=1214581"]
[Date "2013.9.5"]
[Round "-"]
[White "TexugoSam"]
[Black "robsoncxi"]
[Result "1-0"]
[WhiteElo "1912"]
[BlackElo "2059"]

1. d4 d5 2. c4 e6 3. Nc3 dxc4 4. e3 Nf6 5. Bxc4 c5 6. Nf3 cxd4 7. exd4 Nc6 8.
O-O b6 9. Bg5 Be7 10. a3 Bb7 11. Qd3 a6 12. Rac1 Na5 13. Ba2 O-O 14. Bb1 g6 15.
h4 Nh5 16. Bh6 Re8 17. g4 Nf6 18. h5 Bf8 19. hxg6 Bxh6 20. gxf7+ Kxf7 21. g5 Rg8
22. Ne5+ Ke8 23. f4 Bf8 24. Kh2 Nd5 25. Qxh7 Rg7 26. Qh5+ Ke7 27. f5 exf5 28.
Ng6+ Rxg6 29. Qxg6 Qc7+ 30. Kh3 Nf4+ 31. Rxf4 Qxf4 32. Qf6+ Ke8 33. Re1+ Kd7 34.
Qf7+ Kc6 35. Re6+ Bd6 36. Be4+ 1-0

[Event "Challenge"]
[Site "http://www.queenalice.com/game.php?id=1217075"]
[Date "2013.9.14"]
[Round "-"]
[White "filomenos"]
[Black "TexugoSam"]
[Result "1-0"]
[WhiteElo "2019"]
[BlackElo "1907"]

1. d4 e6 2. g3 d5 3. Bg2 c5 4. c3 Nc6 5. Nf3 Qb6 6. dxc5 Bxc5 7. O-O Nf6 8. Qc2
Bxf2+ 9. Kh1 Ne4 10. Nbd2 Nxg3+ 11. hxg3 Bxg3 12. Nb3 h5 13. Ng5 1-0

[Event "Challenge"]
[Site "http://www.queenalice.com/game.php?id=1217102"]
[Date "2013.9.14"]
[Round "-"]
[White "TexugoSam"]
[Black "filomenos"]
[Result "0-1"]
[WhiteElo "1920"]
[BlackElo "2006"]

1. d4 d5 2. c4 c6 3. Nc3 g6 4. Bf4 Nf6 5. e3 Bg7 6. Bd3 O-O 7. Nf3 Bg4 8. h3
Bxf3 9. Qxf3 dxc4 10. Bxc4 Nbd7 11. g4 Nb6 12. Bb3 Nfd7 0-1

[Event "Challenge"]
[Site "http://www.queenalice.com/game.php?id=1217240"]
[Date "2013.9.15"]
[Round "-"]
[White "MacumbaH"]
[Black "TexugoSam"]
[Result "0-1"]
[WhiteElo "1910"]
[BlackElo "1897"]

1. e4 e6 2. d4 d5 3. e5 c5 4. c3 Nc6 5. Bb5 Qb6 6. Bxc6+ bxc6 7. Nf3 Ba6 8. b3
cxd4 9. cxd4 Be7 10. Be3 f6 11. Nc3 fxe5 12. Nxe5 Nf6 13. Nd3 O-O 14. O-O Nd7
15. Re1 Qc7 16. Nc5 Nxc5 17. dxc5 Bf6 18. Rc1 e5 19. Ne2 Qf7 20. f3 Bh4 21. Bf2
Bxf2+ 22. Kxf2 e4 23. Nd4 Bd3 24. Re3 Qf6 25. Rxd3 exd3 26. Qxd3 Rae8 27. Ne2
Qe5 28. h3 Qb2 29. Rc2 Qf6 30. b4 Qh4+ 31. Kg1 Qxb4 32. Kh2 Qb8+ 33. Kg1 Qe5 34.
Qa6 d4 35. Qc4+ Kh8 36. Nxd4 Rd8 37. Ne2 Qe3+ 38. Kh2 Rxf3 39. Rc3 Rxh3+ 40.
gxh3 Qf2+ 0-1

[Event "Challenge"]
[Site "http://www.queenalice.com/game.php?id=1217241"]
[Date "2013.9.15"]
[Round "-"]
[White "TexugoSam"]
[Black "MacumbaH"]
[Result "1-0"]
[WhiteElo "1914"]
[BlackElo "1893"]

1. d4 d5 2. c4 e6 3. Nc3 Nf6 4. Bg5 Be7 5. e3 O-O 6. Nf3 b6 7. Bxf6 Bxf6 8. cxd5
exd5 9. Bd3 Bg4 10. h3 Bxf3 11. Qxf3 c6 12. h4 Nd7 13. O-O-O h6 14. g4 Bxh4 15.
Rdg1 Bg5 16. Qh3 Qf6 17. f4 Bxf4 18. exf4 Qxf4+ 19. Kc2 Qg5 20. Qf3 Rfe8 21. Rh5
Qe7 22. g5 g6 23. gxh6 Kh7 24. Rf1 Rf8 25. Qg4 Rg8 26. Ne2 Nf6 27. Qg5 Rae8 28.
Qxf6 Qxf6 29. Rxf6 Rxe2+ 30. Bxe2 gxh5 31. Bxh5 a5 32. Bxf7 Rg4 33. Rxc6 Rxd4
34. Rxb6 a4 35. b3 axb3+ 36. axb3 Rh4 37. Bxd5 Rxh6 38. Rxh6+ Kxh6 39. b4 Kg7
40. Kc3 Kf6 41. Kc4 Ke7 42. Kc5 Kd8 43. Kb6 1-0

[Event "Challenge"]
[Site "http://www.queenalice.com/game.php?id=1218471"]
[Date "2013.9.20"]
[Round "-"]
[White "onfs2"]
[Black "TexugoSam"]
[Result "1-0"]
[WhiteElo "1976"]
[BlackElo "1934"]

1. e4 e6 2. Nf3 d5 3. e5 c5 4. d4 Nc6 5. Bb5 Qb6 6. Nc3 Bd7 7. Bxc6 Bxc6 8. O-O
Be7 9. b3 cxd4 10. Nxd4 Bc5 11. Be3 Ne7 12. Kh1 Ng6 13. Nxc6 bxc6 14. Na4 Qb4
15. Bxc5 Qf4 16. Qd4 Qg5 17. g3 Nxe5 18. f4 1-0

[Event "Challenge"]
[Site "http://www.queenalice.com/game.php?id=1220568"]
[Date "2013.9.28"]
[Round "-"]
[White "TexugoSam"]
[Black "onfs2"]
[Result "0-1"]
[WhiteElo "1929"]
[BlackElo "1875"]

1. d4 d5 2. c4 dxc4 3. e3 b5 4. a4 c6 5. axb5 cxb5 6. Qf3 Nc6 7. Qxc6+ Bd7 8.
Qf3 e6 9. Nc3 Bb4 10. Bd2 Nf6 11. Nge2 O-O 12. g3 Qc7 13. Ra6 Rfb8 14. Bg2 Bc8
15. Rc6 Qd7 16. Qf4 Ne8 17. Rxc8 Qxc8 18. Bxa8 Rxa8 19. Nxb5 Bxd2+ 20. Kxd2 Qc6
21. Rb1 Qxb5 22. Qe4 Rc8 23. Nf4 Nf6 24. Qc2 Ng4 25. Nxe6 fxe6 26. Qe4 Qf5 27.
Qxf5 exf5 28. f3 Nf2 29. Ra1 Rc7 30. Ra3 Nd3 31. Kc3 g6 32. b3 Ne1 33. bxc4 Nxf3
34. h4 Kf7 35. Kb4 Ke7 36. Ra6 Nd2 37. c5 Ne4 38. Kb5 Nf6 39. Kc4 Nd7 40. Kd5
Nb8 41. Ra5 Rd7+ 42. Kc4 Ke6 43. c6 Re7 44. Re5+ Kd6 45. Rxe7 Kxe7 46. c7 Nd7
47. Kd5 Nb6+ 48. Kc6 Nc8 49. d5 Nd6 0-1

[Event "Challenge"]
[Site "http://www.queenalice.com/game.php?id=1223411"]
[Date "2013.10.9"]
[Round "-"]
[White "TexugoSam"]
[Black "coloradinho2011"]
[Result "1-0"]
[WhiteElo "1895"]
[BlackElo "1500"]

1. d4 d5 2. c4 Nf6 3. Nc3 e6 4. Nf3 Be7 5. Bf4 Nc6 6. e3 Bb4 7. Qc2 Bxc3+ 8.
bxc3 g6 9. Bd3 Qe7 10. Bg5 h6 11. Bh4 Bd7 12. Ne5 g5 13. Bg3 Nh5 14. Nxf7 Nxg3
15. fxg3 Kxf7 16. Bg6+ Kg7 17. Bh5 Be8 18. Bf3 Rd8 19. O-O Rf8 20. e4 Rf7 21.
exd5 exd5 22. Bxd5 Rxf1+ 23. Rxf1 Qe3+ 24. Kh1 Na5 25. Qf5 Qe7 26. Be4 Qf7 27.
Qh7+ Kf8 28. Rxf7+ Bxf7 29. Qxh6+ Kg8 30. Qxg5+ Bg6 31. Qxd8+ 1-0

[Event "Revanche"]
[Site "http://www.queenalice.com/game.php?id=1234510"]
[Date "2013.11.22"]
[Round "-"]
[White "onfs2"]
[Black "TexugoSam"]
[Result "0-1"]
[WhiteElo "1823"]
[BlackElo "1911"]

1. e4 e6 2. d4 d5 3. e5 c5 4. c3 Nc6 5. Nf3 Qb6 6. a4 a6 7. Be2 cxd4 8. cxd4
Bb4+ 9. Nbd2 Nxd4 10. Nxd4 Qxd4 11. a5 Bd7 12. O-O Qxe5 13. Nf3 Qc7 14. Qd4 Bf8
15. Bf4 Qc5 16. Qd2 Nf6 17. Rfc1 Qb4 18. Qxb4 Bxb4 19. Rc7 Rb8 20. Ne5 Bd6 21.
Rc2 Bxe5 22. Bxe5 Rc8 23. Rac1 Ke7 24. f3 Rxc2 25. Rxc2 Rc8 26. Rd2 g6 27. g4
Bc6 28. Rd4 Nd7 29. Bg3 e5 30. Rb4 f5 31. gxf5 gxf5 32. Rh4 Rh8 33. Bd3 f4 34.
Bf2 e4 35. fxe4 dxe4 36. Bc2 e3 37. Rxf4 exf2+ 38. Kxf2 Nf6 39. b4 Rg8 0-1

[Event "Challenge"]
[Site "http://www.queenalice.com/game.php?id=1239197"]
[Date "2013.12.10"]
[Round "-"]
[White "coloradinho2011"]
[Black "TexugoSam"]
[Result "1-0"]
[WhiteElo "1670"]
[BlackElo "1911"]

1. d4 Nf6 2. c4 e5 3. dxe5 Ng4 4. Nf3 Nc6 5. Bf4 Bb4+ 6. Nc3 Qe7 7. Qd5 Bxc3+ 8.
bxc3 f6 9. e6 Qxe6 10. Bxc7 Ne7 11. Qxe6 dxe6 12. h3 Nh6 13. e4 e5 14. Bd3 O-O
15. O-O b6 16. c5 bxc5 17. Bd6 Kf7 18. Bxc5 Be6 19. Rfb1 Rfc8 20. Rb5 Rc7 21. a4
Rac8 22. Bb4 Nc6 23. Bc5 f5 24. Ng5+ Kf6 25. Nxh7+ Kf7 26. Ng5+ 1-0

[Event "Challenge"]
[Site "http://www.queenalice.com/game.php?id=1260925"]
[Date "2014.3.1"]
[Round "-"]
[White "TexugoSam"]
[Black "coloradinho2011"]
[Result "1-0"]
[WhiteElo "1923"]
[BlackElo "1715"]

1. d4 d5 2. c4 e6 3. Nf3 b6 4. cxd5 Qxd5 5. Nc3 Qd8 6. e4 Nf6 7. Bd3 Bb7 8. Bg5
h6 9. Bh4 g5 10. Bg3 Nc6 11. h3 Qe7 12. O-O O-O-O 13. Ne2 Nxd4 14. Nexd4 Nxe4
15. Bxe4 Bxe4 16. Qe2 Bd5 17. Qa6+ Kb8 18. Nb5 Bxf3 19. Bxc7+ Qxc7 20. Nxc7 Be2
21. Qxe2 Kxc7 22. Rac1+ Bc5 23. b4 Rd5 24. bxc5 Rxc5 25. Qe5+ Kd7 26. Qxh8 1-0

[Event "Challenge"]
[Site "http://www.queenalice.com/game.php?id=1263778"]
[Date "2014.3.10"]
[Round "-"]
[White "coloradinho2011"]
[Black "TexugoSam"]
[Result "0-1"]
[WhiteElo "1679"]
[BlackElo "1931"]

1. d4 d5 2. Bf4 Nf6 3. e3 e6 4. Nc3 c5 5. Nf3 a6 6. Be2 Bd7 7. O-O Qb6 8. b3 Be7
9. Ne5 cxd4 10. Qxd4 Bc5 11. Qd1 h6 12. Nxd7 Nbxd7 13. Na4 Qc6 14. Nxc5 Nxc5 15.
Bf3 O-O 16. b4 Nce4 17. Be5 Rac8 18. Rc1 Qa4 19. Bxf6 Nxf6 20. Qd2 Qxa2 21. Rfe1
Rc6 22. Re2 Rfc8 23. c3 Qxd2 24. Rxd2 Rxc3 25. Rxc3 Rxc3 26. h3 Rb3 27. Kf1 Rxb4
28. Be2 Ne4 29. Rd1 Rb1 30. f3 Rxd1+ 31. Bxd1 Nc3 32. Ke1 Nxd1 33. Kxd1 b5 34.
Kc2 b4 35. Kb2 a5 36. Kc2 a4 37. Kb2 a3+ 38. Ka2 e5 39. Kb3 f5 40. Kxb4 a2 41.
Kc5 a1=Q 42. Kxd5 Kf7 43. e4 Qd4+ 44. Kc6 fxe4 45. fxe4 Ke7 46. g4 Qc4+ 47. Kb6
Kd6 48. h4 Qb4+ 49. Ka6 Kc6 0-1

[Event "revanche"]
[Site "http://www.queenalice.com/game.php?id=1265377"]
[Date "2014.3.15"]
[Round "-"]
[White "coloradinho2011"]
[Black "TexugoSam"]
[Result "0-1"]
[WhiteElo "1673"]
[BlackElo "1937"]

1. c4 e6 2. Nc3 Nf6 3. d4 Be7 4. e4 O-O 5. e5 Ne8 6. Nf3 d6 7. Bd3 g6 8. Bh6 Ng7
9. Bxg7 Kxg7 10. exd6 cxd6 11. O-O Nc6 12. d5 exd5 13. cxd5 Ne5 14. Nxe5 dxe5
15. Re1 Bd6 16. Nb5 Bb8 17. Nc3 f5 18. a4 e4 19. Bc2 Qh4 20. g3 Qh3 21. f3 a6
22. fxe4 Ba7+ 23. Kh1 fxe4 24. Bxe4 Rf2 25. Ne2 Qxh2# 0-1

[Event "Challenge"]
[Site "http://www.queenalice.com/game.php?id=1270637"]
[Date "2014.4.5"]
[Round "-"]
[White "coloradinho2011"]
[Black "TexugoSam"]
[Result "1-0"]
[WhiteElo "1668"]
[BlackElo "1942"]

1. d4 e6 2. e4 d5 3. Nc3 c5 4. Nf3 cxd4 5. Bb5+ Bd7 6. Bxd7+ Qxd7 7. Ne5 Qc7 8.
Qxd4 Ne7 9. exd5 exd5 10. O-O Nbc6 11. Nxc6 bxc6 12. Bf4 Qd7 13. f3 Nf5 14. Qe5+
Be7 15. g4 f6 16. Qxf5 Qxf5 17. gxf5 O-O 18. Be3 c5 19. Nxd5 1-0

[Event "Challenge"]
[Site "http://www.queenalice.com/game.php?id=1315709"]
[Date "2014.10.16"]
[Round "-"]
[White "coloradinho2011"]
[Black "TexugoSam"]
[Result "0-1"]
[WhiteElo "1792"]
[BlackElo "1915"]

1. d4 e6 2. c4 c5 3. Nf3 Nf6 4. Bg5 cxd4 5. Nxd4 Bc5 6. Bxf6 Qxf6 7. e3 b6 8.
Qf3 Qxf3 9. Nxf3 Ba6 10. Nc3 Nc6 11. a3 Be7 12. O-O-O Rc8 13. Nd2 Bf6 14. Nde4
Bxc3 15. Nd6+ Kd8 16. Nxc8 Bxb2+ 17. Kxb2 Kxc8 18. Be2 Ne5 19. Rd4 d5 20. Rc1
dxc4 21. Bxc4 Nxc4+ 22. Kb3 Rd8 23. Rxd8+ Kxd8 24. Rxc4 Bxc4+ 25. Kxc4 a6 26. a4
Kc7 27. e4 h5 28. e5 f5 29. exf6 gxf6 30. f4 f5 31. h4 Kc6 32. g3 Kd6 33. Kd4 b5
34. a5 b4 35. Kc4 b3 36. Kxb3 Kc5 37. Kc3 Kb5 38. Kd4 Kxa5 39. Ke5 Kb5 40. Kxe6
a5 41. Kxf5 a4 42. Kg5 a3 43. Kxh5 a2 44. f5 a1=Q 45. Kg6 Kc6 46. f6 Kd7 47. f7
Ke7 48. h5 Qf6+ 0-1

[Event "Invitation"]
[Site "http://www.queenalice.com/game.php?id=1647904"]
[Date "2021.3.27"]
[Round "-"]
[White "franz_onelt501"]
[Black "TexugoSam"]
[Result "1-0"]
[WhiteElo "1746"]
[BlackElo "1915"]

1. e4 e6 2. d4 d5 3. exd5 exd5 4. Nc3 Be6 5. Nf3 Nf6 6. Bd3 Bb4 7. O-O c5 8. Na4
c4 9. Be2 O-O 10. a3 Ba5 11. Nc5 Qe7 12. Bd2 Bb6 13. Bb4 a5 14. Nxe6 Qxe6 15.
Bxf8 Kxf8 16. Re1 Qg4 17. h3 Qf4 18. c3 Ne4 19. Qc1 Qf6 20. Qe3 Nc6 21. Nd2 Ng5
22. Nf3 Ne6 23. Ne5 Nxe5 24. Qxe5 Qxe5 25. dxe5 Nf4 26. Kf1 Re8 27. Bf3 Bxf2 28.
Kxf2 Nd3+ 29. Kf1 Nxe1 30. Rxe1 1-0

[Event "Challenge"]
[Site "http://www.queenalice.com/game.php?id=1649122"]
[Date "2021.4.9"]
[Round "-"]
[White "TexugoSam"]
[Black "franz_onelt501"]
[Result "1-0"]
[WhiteElo "1892"]
[BlackElo "1777"]

1. d4 d5 2. c4 e6 3. Nf3 Nf6 4. Bg5 Be7 5. Nc3 h6 6. Bh4 Nc6 7. e3 a6 8. a3 dxc4
9. Bxc4 b5 10. Ba2 Bb7 11. O-O Nd7 12. Bg3 Bd6 13. Bxd6 cxd6 14. e4 Qc7 15. d5
Nce5 16. dxe6 Nxf3+ 17. Qxf3 fxe6 18. Bxe6 Ne5 19. Qh5+ g6 20. Qe2 Qe7 21. Ba2
Nc4 22. Bxc4 bxc4 23. Qxc4 Rc8 24. Qa4+ Qd7 25. Qxd7+ Kxd7 26. Rad1 Rhe8 27.
Rfe1 Re5 28. f3 g5 29. Kf2 h5 30. g3 Rh8 31. f4 Rf8 32. Ke3 gxf4+ 33. gxf4 Re6
34. e5 Kc8 35. Rxd6 Rxd6 36. exd6 Kd7 37. Rd1 Re8+ 38. Kf2 Re6 39. Kg3 Re3+ 40.
Kh4 Re6 41. Nd5 Rxd6 42. Nf6+ Ke6 43. f5+ Ke7 44. Rxd6 Kxd6 45. Kxh5 Kc5 46.
Nd7+ Kc4 47. f6 Bd5 48. Nb6+ Kd4 49. Nxd5 1-0

[Event "Challenge"]
[Site "http://www.queenalice.com/game.php?id=1650592"]
[Date "2021.4.23"]
[Round "-"]
[White "TexugoSam"]
[Black "franz_onelt501"]
[Result "1-0"]
[WhiteElo "1903"]
[BlackElo "1775"]

1. d4 e6 2. c4 Bb4+ 3. Nc3 Ne7 4. e4 Bxc3+ 5. bxc3 b6 6. Bd3 Bb7 7. Nf3 c6 8.
O-O d5 9. cxd5 cxd5 10. e5 Qd7 11. Ba3 Ba6 12. Bxa6 Nxa6 13. Qd3 Nc7 14. Rab1 b5
15. Bd6 a6 16. Ng5 Nf5 17. Bc5 h6 18. Nh3 Rb8 19. a4 Ne7 20. Bxe7 Qxe7 21. axb5
axb5 22. f4 O-O 23. f5 exf5 24. Rxf5 g6 25. Rf6 Ne8 26. Rc6 Qb7 27. Rc5 Nc7 28.
Nf4 Ne6 29. Rcxb5 Qa7 30. Nxe6 fxe6 31. Qxg6+ Qg7 32. Qxe6+ Qf7 33. Qxf7+ Kxf7
34. Rxb8 1-0

[Event "Challenge"]
[Site "http://www.queenalice.com/game.php?id=1650593"]
[Date "2021.4.23"]
[Round "-"]
[White "franz_onelt501"]
[Black "TexugoSam"]
[Result "0-1"]
[WhiteElo "1764"]
[BlackElo "1914"]

1. e4 e6 2. d4 d5 3. exd5 exd5 4. Nc3 c6 5. Nf3 Bd6 6. Bg5 Nf6 7. Bd3 O-O 8. O-O
h6 9. Bh4 Bg4 10. h3 Bxf3 11. Qxf3 Nbd7 12. a3 g5 13. Bg3 Bxg3 14. Qxg3 Nh5 15.
Qd6 Ndf6 16. Qxd8 Raxd8 17. Rfe1 Rfe8 18. Re2 Nf4 19. Re3 Rxe3 20. fxe3 Nxd3 21.
cxd3 Re8 22. Re1 Kg7 23. Kf2 h5 24. Ne2 Kg6 25. g3 Nd7 26. Nc3 f5 27. g4 Rf8 28.
gxh5+ Kxh5 29. Kg3 f4+ 30. Kf3 fxe3+ 31. Kxe3 Re8+ 32. Kf2 Rxe1 0-1